000 00794cab a22002175a 4500
001 L145317
008 080926e20080923xxko f 000 0 eng d
035 _a(Sirsi) u145317
041 0 _aeng
100 1 _aMauro, Marco
245 0 0 _aClose to the wind
260 _c2008
490 _aSolicitors' Journal
_v152(36) 23 September 2008, 15(1)
520 _aArticle looks at the pressure on government to reduce carbon dioxide emissions and posits that the benefits of wind farms must not be balanced with planning concerns.
590 _aKA
650 2 4 _aPLANNING POLICY STATEMENT 22
651 4 _aEngland and Wales
_y1543-
690 _aENVIRONMENTAL AND LAND CONSULTANCY-ENERGY
690 _aENVIRONMENTAL AND LAND CONSULTANCY-PLANNING AND DEVELOPMENT-DEVELOPMENT CONTROL
942 _n0
999 _c80773
_d80773